| 000 | 00000cas 2200000zi 4500 |
| 001 | 9.936959 |
| 003 | CaOODSP |
| 005 | 20251210093409 |
| 006 | m o d f |
| 007 | cr cn |||||||| |
| 008 | 240417c20219999mbctr p o f0### 0fre|d |
| 040 | |aCaOODSP|bfre|erda|cCaOODSP |
| 043 | |an-cn--- |
| 086 | 1 |aCC192-6F-PDF |
| 110 | 2 |aOffice de commercialisation du poisson d'eau douce (Canada)|eauteur, |eorganisme de publication. |
| 245 | 10|a... rapport financier / |cOffice de commercialisation du poisson d'eau douce. |
| 246 | 1 |iLa livraison du 3e trimestre (exercice 2020/2021) comporte le titre : |aRapport financier (non audité) |
| 246 | 1 |iLes livraisons du 1e trimestre (exercice financier 2022/2023)-3e trimestre (exercice financier 2023/2024) comportent le titre : |aRapport financier du ... |
| 246 | 1 |iLes livraisons du 1e trimestre (exercice financier 2024/2025)- comportent le titre : |aRapport financier du ... (non audité) |
| 264 | 1|a[Winnipeg] : |bOffice de commercialisation du poisson d'eau douce, |c[2020]- |
| 310 | |aAnnuel |
| 336 | |atexte|btxt|2rdacontent/fre |
| 337 | |ainformatique|bc|2rdamedia/fre |
| 338 | |aressource en ligne|bcr|2rdacarrier/fre |
| 362 | 1 |aParaît depuis : 1e trimestre (exercice 2020/2021). |
| 500 | |aPublié aussi en anglais sous le titre : ... financial report. |
| 515 | |aL'année d'activité se termine le 30 avril. |
| 588 | |aDescription d'après : 1e trimestre (exercice 2020/2021); titre de la page couverture du fichier PDF. |
| 588 | |aDernière livraison consultée : 3e trimestre (exercice financier 2024/2025). |
| 610 | 26|aOffice de commercialisation du poisson d'eau douce (Canada)|xFinance|vPériodiques. |
| 650 | 6|aFinances publiques|zCanada|vPériodiques. |
| 655 | 7|aPériodiques|2rvmgf |
| 775 | 08|t... financial report / |w(CaOODSP)9.936942 |
| 780 | 00|tRapport du ... trimestre : |w(CaOODSP)9.936927 |